[Event "EuTCh"]
[Site "Leon ESP"]
[Date "2001.11.13"]
[Round "7"]
[White "Fernandes,An"]
[Black "Kotronias,V"]
[Result "0-1"]
[WhiteElo "2457"]
[BlackElo "2548"]
[EventDate "2001.11.06"]

1. e4 c5 2. Nf3 Nc6 3. d4 cxd4 4. Nxd4 Nf6 5. Nc3 d6 6. Bg5 e6 7. Qd2 Be7
8. O-O-O O-O 9. f3 a6 10. Nb3 b5 11. h4 Bd7 12. Kb1 b4 13. Ne2 a5 14. Bxf6
gxf6 15. Ned4 Nxd4 16. Nxd4 Qb6 17. Qh6 Kh8 18. e5 Rg8 19. Bd3 f5 20. exd6
Qxd6 21. Be4 fxe4 22. fxe4 Rg6 23. Qh5 Qc7 24. Nf3 Be8 25. Ng5 Rg7 26. Rdf1
Rc8 27. Rf2 f6 0-1

[Event "EuTCh"]
[Site "Leon ESP"]
[Date "2001.11.13"]
[Round "7"]
[White "Clerides,P"]
[Black "Damaso,R"]
[Result "1-0"]
[WhiteElo "2188"]
[BlackElo "2414"]
[EventDate "2001.11.06"]

1. e4 Nc6 2. d4 e5 3. dxe5 Nxe5 4. Nf3 Qf6 5. Nxe5 Qxe5 6. Bd3 Bb4+ 7. c3
Bc5 8. O-O Nf6 9. Nd2 d5 10. Nf3 Qh5 11. Bg5 Bg4 12. Bxf6 gxf6 13. Qa4+ c6
14. Nd4 Rg8 15. Rfe1 O-O-O 16. exd5 Bf3 17. g3 Bxd4 18. cxd4 Rg6 19. Bxg6
hxg6 20. h4 Qf5 21. Qxa7 Bxd5 22. Re7 Rd7 23. Qa8+ Kc7 24. Qa5+ Kd6 25.
Rae1 Rxe7 26. Qc5+ Kd7 27. Rxe7+ Kc8 28. Qa5 Qb1+ 29. Re1 1-0

[Event "EuTCh"]
[Site "Leon ESP"]
[Date "2001.11.13"]
[Round "7"]
[White "Pinheiro,J"]
[Black "Georghiou,A"]
[Result "0-1"]
[WhiteElo "2339"]
[BlackElo "2155"]
[EventDate "2001.11.06"]

1. e4 e6 2. d3 c5 3. Nf3 d5 4. Nbd2 Nc6 5. g3 Nf6 6. Bg2 Be7 7. O-O O-O 8.
e5 Nd7 9. Re1 Rb8 10. Nf1 b5 11. h4 Qc7 12. Bf4 Nb6 13. h5 d4 14. h6 g6 15.
Qd2 Nd5 16. Bg5 f5 17. exf6 Nxf6 18. Re2 Bd7 19. Rae1 Rbe8 20. N1h2 Bd6 21.
Bxf6 Rxf6 22. Ng5 Nd8 23. Ne4 Rf5 24. Bh3 Rff8 25. Nxd6 Qxd6 26. Ng4 e5 27.
Kh2 Bxg4 28. Bxg4 Nf7 29. Kg1 Re7 30. Bh3 b4 31. Bg2 a5 32. c4 dxc3 33.
bxc3 Rd8 34. c4 Qxd3 35. Qxd3 Rxd3 36. Bd5 Kf8 37. Bxf7 Kxf7 38. Rxe5 Rxe5
39. Rxe5 Rd2 40. Rxc5 Rxa2 41. Rc7+ Kg8 42. Rg7+ Kh8 43. c5 Rc2 44. Ra7 Kg8
45. Rxa5 b3 46. Kg2 b2 47. Rb5 Kf7 48. g4 Ke6 49. c6 Kd6 50. Rb6 Kc7 51.
Rb3 Kxc6 52. Kg3 Kd5 53. Rb7 Kc4 54. Kf4 Rxf2+ 55. Ke3 Rh2 56. Kf4 Kc3 57.
Rc7+ Kd2 0-1

[Event "EuTCh"]
[Site "Leon ESP"]
[Date "2001.11.13"]
[Round "7"]
[White "Cobb,J"]
[Black "Arduman,C"]
[Result "1-0"]
[WhiteElo "2335"]
[BlackElo "2379"]
[EventDate "2001.11.06"]

1. d4 Nf6 2. Nf3 g6 3. c4 Bg7 4. g3 O-O 5. Bg2 d6 6. O-O Nc6 7. Nc3 a6 8.
d5 Na5 9. Nd2 c5 10. Qc2 Rb8 11. b3 b5 12. Bb2 Bh6 13. f4 bxc4 14. bxc4 Ng4
15. Nd1 Rxb2 16. Qxb2 Bg7 17. Qc1 Bd4+ 18. Kh1 Bxa1 19. Qxa1 Qb6 20. Qc3
Qb4 21. Qd3 Bd7 22. a3 Qb8 23. h3 Nf6 24. e4 Qc7 25. Qc3 Rb8 26. e5 Ne8 27.
Ne3 f6 28. exf6 Nxf6 29. f5 g5 30. Ne4 Rb3 31. Nxf6+ Kf7 32. Qe1 exf6 33.
Qe2 Qd8 34. h4 Qe8 35. Re1 g4 36. Qd2 Qe5 37. Nxg4 Qxg3 38. Qe2 Qxh4+ 39.
Kg1 Kg8 40. Qe7 Qxg4 41. Qd8+ Kg7 42. Re7+ Kh6 43. Qf8+ Kg5 44. Rg7+ Kxf5
45. Rxg4 Kxg4 46. Qg7+ Kf4 47. Qxd7 Nxc4 48. Qa4 Rb1+ 49. Kh2 Rc1 50. Bf1
1-0

[Event "EuTCh"]
[Site "Leon ESP"]
[Date "2001.11.13"]
[Round "7"]
[White "Haznedaroglu,K"]
[Black "Zeidler,S"]
[Result "1-0"]
[WhiteElo "2328"]
[BlackElo "2296"]
[EventDate "2001.11.06"]

1. e4 d5 2. exd5 Qxd5 3. Nc3 Qa5 4. d4 Nf6 5. Nf3 c6 6. Bc4 Bf5 7. Bd2 e6
8. Qe2 Bb4 9. a3 Bg4 10. O-O-O Bxc3 11. Bxc3 Qh5 12. h3 Bxf3 13. gxf3 Nbd7
14. Bd2 h6 15. Bf4 Nd5 16. Bd6 O-O-O 17. Bb3 Rhe8 18. Kb1 Qf5 19. h4 N7f6
20. Bh2 Rd7 21. Ba2 Nf4 22. Qe3 Ng6 23. d5 exd5 24. Qxa7 Ne5 25. Rhe1 Rde7
26. Rd4 Nfd7 27. Rb4 b5 28. Qa6+ Kc7 29. Bxd5 cxd5 30. Rxb5 Rc8 31. Qa5+
Kc6 32. Rxd5 Qe6 33. Qb5+ Kc7 34. Rexe5 1-0

[Event "EuTCh"]
[Site "Leon ESP"]
[Date "2001.11.13"]
[Round "7"]
[White "May,F"]
[Black "Atakisi,U"]
[Result "1-0"]
[WhiteElo "2174"]
[BlackElo "2278"]
[EventDate "2001.11.06"]

1. d4 d5 2. c4 c6 3. cxd5 cxd5 4. Nc3 Nf6 5. Nf3 Nc6 6. Bf4 Ne4 7. e3 Nxc3
8. bxc3 g6 9. Be2 Bg7 10. O-O O-O 11. c4 dxc4 12. Bxc4 Bf5 13. Rc1 a6 14.
Re1 Be4 15. d5 Na5 16. Ng5 Nxc4 17. Nxe4 b5 18. h4 Qa5 19. Qe2 Rac8 20. h5
Nb2 21. hxg6 hxg6 22. Ng5 Qxa2 23. e4 Qb3 24. Rxc8 Rxc8 25. Qg4 Qc3 26. Rc1
Qxc1+ 27. Bxc1 Rxc1+ 28. Kh2 Bf6 29. Qh4 Kf8 30. Nh7+ Kg7 31. Nxf6 exf6 32.
Qf4 Rc4 33. f3 Nd3 34. Qd6 Nc5 35. e5 fxe5 36. Qxe5+ Kg8 37. d6 Ne6 38. d7
Rc6 39. f4 Kf8 40. Qh8+ Ke7 41. Qe8+ Kf6 42. d8=Q+ Nxd8 43. Qe5+ 1-0

[Event "EuTCh"]
[Site "Leon ESP"]
[Date "2001.11.13"]
[Round "7"]
[White "Erdogan,H"]
[Black "Varley,P"]
[Result "0-1"]
[WhiteElo "2292"]
[BlackElo "2197"]
[EventDate "2001.11.06"]

1. d4 d6 2. Nf3 g6 3. c4 Bg7 4. Nc3 f5 5. g3 Nf6 6. Bg2 O-O 7. O-O Nc6 8.
d5 Ne5 9. Nxe5 dxe5 10. e4 Nd7 11. exf5 gxf5 12. f4 e4 13. Be3 Nf6 14. Qd2
Bd7 15. Rfd1 Qe8 16. Bd4 Qg6 17. Bf1 h5 18. Qg2 Ng4 19. Bxg7 Kxg7 20. Rd2
c5 21. Nd1 Rh8 22. h4 Kh6 23. Rc1 Rhg8 24. Rc3 Qd6 25. Be2 e5 26. Bxg4 exf4
27. Bh3 f3 28. Qh2 f4 29. Kh1 fxg3 30. Qg1 Qf4 31. Bxd7 Qxh4+ 32. Rh2 g2+
0-1

[Event "EuTCh"]
[Site "Leon ESP"]
[Date "2001.11.14"]
[Round "8"]
[White "Bacrot,E"]
[Black "Gelfand,B"]
[Result "1/2-1/2"]
[WhiteElo "2653"]
[BlackElo "2701"]
[EventDate "2001.11.06"]

1. d4 Nf6 2. c4 e6 3. Nf3 b6 4. a3 Bb7 5. Nc3 d5 6. Bg5 Be7 7. Qa4+ Qd7 8.
Qxd7+ Nbxd7 9. Nb5 Bd8 10. cxd5 Nxd5 11. e4 N5f6 12. Rc1 Bxe4 13. Nxc7+
Bxc7 14. Rxc7 Nd5 15. Rc1 h6 16. Bd2 Bxf3 17. gxf3 Ke7 18. Ba6 N7f6 19. Rc4
Rad8 20. Ke2 Nh5 21. Rhc1 Nhf4+ 22. Kf1 Kf6 23. Ra4 g5 24. Bb5 a5 25. Rc6
Rc8 26. Rac4 Rxc6 27. Rxc6 Rd8 28. Be3 Ng6 29. Rc4 Nh4 30. Ke2 h5 31. Rc6
Nf5 32. Kd2 g4 33. Be2 g3 34. hxg3 Ndxe3 35. fxe3 Nxg3 36. Rxb6 h4 37. f4
h3 38. Bf3 h2 39. Rb5 Rh8 40. Rxa5 Rh3 41. Bb7 Nf1+ 42. Ke2 Nxe3 43. Bh1
Nf5 44. Kf2 Rb3 45. Kg2 Rxb2+ 46. Kh3 Nxd4 47. a4 Ra2 48. Ra7 Ne2 49. Kxh2
Nxf4+ 50. Kg3 Nd3 51. Bc6 Ne5 52. Be8 Rd2 53. a5 Rd8 54. Bb5 Rb8 55. Ba4
Rb4 56. Be8 Rb3+ 57. Kg2 Ra3 58. a6 Ra5 59. Kg3 Kg7 60. Kg2 Kf8 61. Ra8 Ke7
62. a7 Kf6 63. Kf2 Ra3 64. Bb5 Kf5 65. Be8 Kf4 66. Bxf7 Ra2+ 67. Kf1 Nxf7
68. Re8 Rxa7 69. Rxe6 Ng5 70. Re8 Kf3 71. Ke1 Ne4 72. Kd1 Ra2 73. Kc1 Ke3
74. Rd8 Nc5 75. Kb1 Rh2 76. Rd5 Nd3 77. Rd8 Rb2+ 78. Ka1 Rb7 79. Ka2 Kd2
80. Rc8 Ne5 81. Rc5 Nf3 82. Ka3 Nd4 83. Rc8 Nb5+ 84. Ka4 Nc7 85. Rh8
1/2-1/2

[Event "EuTCh"]
[Site "Leon ESP"]
[Date "2001.11.14"]
[Round "8"]
[White "Avrukh,B"]
[Black "Fressinet,L"]
[Result "0-1"]
[WhiteElo "2606"]
[BlackElo "2588"]
[EventDate "2001.11.06"]

1. d4 d5 2. c4 c6 3. Nc3 Nf6 4. e3 a6 5. Qc2 g6 6. Nf3 Bg7 7. Bd2 O-O 8.
Rc1 Bg4 9. Qb3 Bxf3 10. Qxb7 Nbd7 11. gxf3 e5 12. Qxc6 exd4 13. exd4 Re8+
14. Kd1 Re6 15. Qa4 Nb6 16. Qb3 dxc4 17. Bxc4 Nxc4 18. Qxc4 Rc8 19. Qd3 Nd7
20. Ne4 Rb8 21. Kc2 Ne5 22. dxe5 Rc6+ 23. Qc3 Qd5 24. Kb1 Rxc3 25. Bxc3
Bxe5 26. Ka1 Bxc3 27. Rxc3 Qe5 28. h4 h5 29. a3 Qf4 30. Re3 Rc8 31. Kb1 Rc7
32. Rd3 Re7 33. Ka1 Kg7 34. Rc3 Rc7 35. Re3 Rc2 36. Ng5 Qc7 37. Ka2 Qc4+
38. Kb1 Rxf2 39. Rc3 Qb5 40. Rc2 Qd3 0-1

[Event "EuTCh"]
[Site "Leon ESP"]
[Date "2001.11.14"]
[Round "8"]
[White "Brynell,S"]
[Black "Nijboer,F"]
[Result "1/2-1/2"]
[WhiteElo "2506"]
[BlackElo "2565"]
[EventDate "2001.11.06"]

1. e4 c5 2. Nf3 Nc6 3. Bb5 e6 4. O-O Nge7 5. c3 a6 6. Be2 d5 7. exd5 Nxd5
8. d4 Be7 9. c4 Nf6 10. dxc5 Qxd1 11. Rxd1 Ne4 12. Be3 e5 13. Nfd2 Nxc5 14.
Nc3 Bf5 15. Nd5 Ne6 16. Bf3 Ncd4 17. Nxe7 Kxe7 18. Bd5 Rab8 19. b3 Rhd8 20.
Nf3 Bg4 21. Kf1 Nc2 22. Rac1 Nxe3+ 23. fxe3 f5 24. Rd2 Bxf3 25. gxf3 a5 26.
Rg2 g6 27. Bxe6 Kxe6 28. Ke2 a4 29. b4 Rbc8 30. Rgg1 b6 31. Rgd1 Rxd1 32.
Kxd1 g5 33. Ke2 e4 34. fxe4 fxe4 35. c5 bxc5 36. bxc5 Kd5 37. Rd1+ Ke5 38.
Rc1 Rc6 39. Rc4 a3 40. Rc3 Kd5 41. Kf2 h5 42. Rxa3 Rxc5 43. Kg3 Kc4 44. h4
gxh4+ 45. Kf4 h3 46. Rb3 h2 47. Rb1 Kd3 48. Rd1+ Ke2 49. Rh1 Rc8 50. Rxh2+
Kd3 51. Rxh5 Rf8+ 52. Rf5 Rxf5+ 1/2-1/2

[Event "EuTCh"]
[Site "Leon ESP"]
[Date "2001.11.14"]
[Round "8"]
[White "Short,N"]
[Black "Miladinovic,I"]
[Result "1-0"]
[WhiteElo "2675"]
[BlackElo "2495"]
[EventDate "2001.11.06"]

1. e4 c5 2. Nf3 Nc6 3. d4 cxd4 4. Nxd4 Qc7 5. Nc3 e6 6. Be3 a6 7. Bd3 Nf6
8. O-O h5 9. h3 b5 10. Qe2 Bb7 11. Rfe1 Be7 12. a3 Rc8 13. Rad1 Kf8 14.
Nxc6 Qxc6 15. f3 Bd6 16. Qf2 Qc7 17. f4 Bc5 18. e5 Ne8 19. Be4 Bxe3 20.
Rxe3 Bxe4 21. Nxe4 Qxc2 22. Rxd7 Rh6 23. Ng5 Qxf2+ 24. Kxf2 f6 25. exf6
gxf6 26. Nxe6+ Kg8 27. Nd8 Ng7 28. Rg3 1-0

[Event "EuTCh"]
[Site "Leon ESP"]
[Date "2001.11.14"]
[Round "8"]
[White "Conquest,S"]
[Black "Nikolaidis,I"]
[Result "1/2-1/2"]
[WhiteElo "2601"]
[BlackElo "2524"]
[EventDate "2001.11.06"]

1. e4 c5 2. Nc3 a6 3. g3 b5 4. Bg2 Bb7 5. Nge2 e6 6. d3 Nf6 7. Bg5 Be7 8.
O-O Nc6 9. e5 Ng4 10. Ne4 Bxg5 11. Nd6+ Ke7 12. Nxb7 Qb6 13. Nd6 Ngxe5 14.
Ne4 Bh6 15. a4 d5 16. Nxc5 Qxc5 17. d4 Qb6 18. dxe5 g6 19. Nc3 Rad8 20.
axb5 axb5 21. Qe2 Bg7 22. Nxb5 Nxe5 23. Ra7+ Rd7 24. Rfa1 Rb8 25. Bf1 Rxa7
26. Rxa7+ Kf8 27. Qd1 Nc6 28. Ra2 Qc5 29. Qe2 Kg8 30. c3 h5 31. b4 Qb6 32.
Ra4 Ne7 33. Qd3 Nf5 34. Na7 Qc7 35. Ra3 Nd6 36. Ra6 Ne4 37. Nc6 Rb6 38.
Rxb6 Qxb6 39. b5 Nxf2 40. Qf3 Ne4+ 41. Kg2 Nxc3 42. Ne7+ Kf8 43. Nxg6+ Ke8
44. Nf4 Qd4 45. Nxh5 Be5 46. Qd3 Qb4 47. Qe3 Ne4 48. Bd3 Bd4 49. Qe2 Nc5
50. Nf4 Qc3 51. Bc2 Kd7 52. Nd3 Ne4 53. Nf4 Nd6 54. Qd3 Qb4 55. Qd1 Ke7 56.
Bd3 Be3 57. Nh3 Qc5 58. Qe2 d4 59. Nf2 Qd5+ 60. Qf3 Qb3 61. Ng4 Qxd3 62.
Qf6+ Ke8 63. Qh8+ Ke7 64. Qf6+ 1/2-1/2

[Event "EuTCh"]
[Site "Leon ESP"]
[Date "2001.11.14"]
[Round "8"]
[White "Lutz,C"]
[Black "Navara,D"]
[Result "1/2-1/2"]
[WhiteElo "2643"]
[BlackElo "2499"]
[EventDate "2001.11.06"]

1. e4 c5 2. Nf3 d6 3. c3 Nf6 4. Be2 Nbd7 5. d3 g6 6. O-O Bg7 7. Re1 b6 8.
Bg5 O-O 9. Bf1 Bb7 10. Nbd2 e5 11. d4 h6 12. Bxf6 Qxf6 13. dxe5 Nxe5 14.
Nxe5 dxe5 15. Nc4 Rfd8 16. Qb3 h5 17. a4 Bc6 18. Qc2 Rd7 19. Rad1 Rad8 20.
Rxd7 Rxd7 21. g3 Bh6 22. Be2 Qe6 23. b3 h4 1/2-1/2

[Event "EuTCh"]
[Site "Leon ESP"]
[Date "2001.11.14"]
[Round "8"]
[White "Meduna,E"]
[Black "Buhmann,R"]
[Result "1/2-1/2"]
[WhiteElo "2471"]
[BlackElo "2505"]
[EventDate "2001.11.06"]

1. d4 e6 2. Nf3 Nf6 3. Bf4 b6 4. c4 Bb7 5. e3 Be7 6. Nc3 O-O 7. Bd3 d5 8.
cxd5 exd5 9. Ne5 c5 10. O-O Nc6 11. Ba6 Qc8 12. Bxb7 Qxb7 13. dxc5 bxc5 14.
Nxc6 Qxc6 15. Qf3 Rfd8 16. Rfd1 Rd7 17. Rac1 Rad8 18. Bg5 h6 19. Bh4 g5 20.
Bg3 Ne4 21. Qf5 Nxc3 22. bxc3 Qe6 23. Qxe6 fxe6 24. Be5 Rb7 25. Rb1 Rdd7
26. g4 Kf7 27. a4 Bf6 28. f4 c4 29. Kf2 Kg6 30. Kf3 gxf4 31. exf4 Bxe5 32.
fxe5 Rf7+ 33. Ke3 Kg5 34. Rxb7 Rxb7 35. Rf1 Rb2 36. Rf6 Rc2 37. Kd4 Rd2+
38. Kc5 Kxg4 39. Rxe6 Kf5 40. Rxh6 Kxe5 41. h4 Ke4 42. Rd6 Rd3 43. Re6+ Kf5
44. Re7 Rxc3 45. Kxd5 Ra3 46. Rxa7 c3 47. Rc7 Rxa4 48. Rxc3 Rxh4 1/2-1/2

[Event "EuTCh"]
[Site "Leon ESP"]
[Date "2001.11.14"]
[Round "8"]
[White "Del Rio Angelis,S"]
[Black "Mikhalchishin,A"]
[Result "1/2-1/2"]
[WhiteElo "2489"]
[BlackElo "2533"]
[EventDate "2001.11.06"]

1. Nf3 Nf6 2. c4 c5 3. Nc3 Nc6 4. e3 e6 5. d4 d5 6. cxd5 Nxd5 7. Bd3 Be7 8.
O-O O-O 9. a3 Nxc3 10. bxc3 b6 11. Bb2 Bb7 12. Qe2 Bf6 13. Rad1 cxd4 14.
cxd4 Rc8 15. Bb5 Na5 16. e4 Qc7 17. a4 Rfd8 18. Ba3 g6 19. Rc1 Qf4 20. Rxc8
Rxc8 21. d5 exd5 22. e5 Bg7 23. e6 fxe6 24. Qxe6+ Kh8 25. Re1 Bc3 26. Bd7
Rg8 27. Be7 Nc4 28. Bg5 Qf8 29. Be7 Qf4 30. Bg5 Qf8 31. Be7 1/2-1/2

[Event "EuTCh"]
[Site "Leon ESP"]
[Date "2001.11.14"]
[Round "8"]
[White "Sermek,D"]
[Black "Lopez Martinez,J"]
[Result "1-0"]
[WhiteElo "2577"]
[BlackElo "2474"]
[EventDate "2001.11.06"]

1. e4 c6 2. d4 d5 3. exd5 cxd5 4. c4 Nf6 5. Nc3 e6 6. Nf3 Bb4 7. cxd5 Nxd5
8. Bd2 Nc6 9. Bd3 O-O 10. O-O Be7 11. Qe2 Bf6 12. Rad1 Qb6 13. Qe4 g6 14.
Bh6 Qxb2 15. Bxf8 Nxc3 16. Qf4 Nd5 17. Qh6 Bh8 18. Be4 Nf6 19. Rd2 Qb5 20.
Rb1 Qa4 21. Bxc6 Qxc6 22. Ne5 Qd5 23. Be7 Bd7 24. Qf4 Qe4 25. Qxe4 Nxe4 26.
Rc2 Ba4 27. Rc7 Bc6 28. Bb4 Bxe5 29. dxe5 a5 30. Be1 Nc5 31. a3 a4 32. f3
Na6 33. Re7 Rd8 34. Bh4 Rc8 35. Rd1 Kf8 36. Bf6 Nc7 37. Rxc7 Rxc7 38. Rd8+
Be8 39. Rb8 Rc3 40. Rxb7 Rxa3 41. Be7+ 1-0

[Event "EuTCh"]
[Site "Leon ESP"]
[Date "2001.11.14"]
[Round "8"]
[White "Herraiz Lopez,H"]
[Black "Mohr,G"]
[Result "0-1"]
[WhiteElo "2435"]
[BlackElo "2498"]
[EventDate "2001.11.06"]

1. d4 g6 2. c4 Bg7 3. Nc3 c5 4. d5 Bxc3+ 5. bxc3 f5 6. e4 fxe4 7. h4 Qa5 8.
h5 Qxc3+ 9. Bd2 Qg7 10. Rc1 d6 11. Nh3 Bxh3 12. Rxh3 Nf6 13. Rb1 b6 14. Be2
Nbd7 15. Bc3 gxh5 16. Qa4 Kd8 17. Qc6 Rb8 18. Qa4 Ra8 19. Qc6 Rc8 20. Qb7
Rf8 21. Qxa7 Qxg2 22. Bf1 Qg5 23. Re3 Ng4 24. Bh3 Rxf2 0-1

[Event "EuTCh"]
[Site "Leon ESP"]
[Date "2001.11.14"]
[Round "8"]
[White "Fedorov,Alex"]
[Black "Shirov,A"]
[Result "0-1"]
[WhiteElo "2599"]
[BlackElo "2706"]
[EventDate "2001.11.06"]

1. e4 e5 2. Bc4 Nf6 3. d3 c6 4. Nf3 d5 5. Bb3 Bd6 6. Nc3 dxe4 7. Ng5 O-O 8.
Ncxe4 Nxe4 9. Nxe4 a5 10. Qh5 Bb4+ 11. Kf1 Be7 12. a4 Nd7 13. h4 Nc5 14.
Nxc5 Bxc5 15. Qxe5 Bd4 16. Qg5 Qb6 17. Be3 Be6 18. Ra3 Rfe8 19. Kg1 h6 20.
Qf4 Rad8 21. Rh3 Qb4 22. Bxe6 Rxe6 23. Bxd4 Rxd4 24. Qb8+ Kh7 25. Rb3 Qe1+
26. Kh2 Qxf2 27. Qg3 Qxc2 28. Rc3 Qxb2 29. Rc4 Rg6 30. Qf3 Rxd3 0-1

[Event "EuTCh"]
[Site "Leon ESP"]
[Date "2001.11.14"]
[Round "8"]
[White "Narciso Dublan,M"]
[Black "Azarov,S"]
[Result "0-1"]
[WhiteElo "2517"]
[BlackElo "2490"]
[EventDate "2001.11.06"]

1. e4 e5 2. Nf3 Nc6 3. d4 exd4 4. Nxd4 Bc5 5. Be3 Qf6 6. c3 Nge7 7. g3 d5
8. Bg2 dxe4 9. Nb5 Bxe3 10. Nxc7+ Kf8 11. fxe3 Rb8 12. Na3 h5 13. Nc4 Bg4
14. Qd6 Rh6 15. Qxf6 Rxf6 16. Bxe4 a6 17. h3 Bf3 18. Bxf3 Rxf3 19. O-O-O
Rxg3 20. e4 Rd8 21. Rxd8+ Nxd8 22. a4 h4 23. Kc2 Ng6 24. Nd5 Ne6 25. Nd6
Ngf4 26. Nxf4 Nxf4 27. Nxb7 Rxh3 28. Rf1 Rh2+ 29. Kb3 Nd3 30. Kc4 Nxb2+ 31.
Kd5 Rd2+ 32. Kc6 h3 33. Nc5 h2 34. Rh1 g5 35. e5 g4 36. Ne4 Rg2 37. a5 Nd3
38. Kb7 Nf2 39. Nxf2 Rxf2 40. Kxa6 g3 0-1

[Event "EuTCh"]
[Site "Leon ESP"]
[Date "2001.11.14"]
[Round "8"]
[White "Timoscenko,G"]
[Black "Pelletier,Y"]
[Result "1/2-1/2"]
[WhiteElo "2519"]
[BlackElo "2545"]
[EventDate "2001.11.06"]

1. d4 Nf6 2. c4 e6 3. Nf3 b6 4. Nc3 Bb4 5. Qb3 c5 6. Bg5 Bb7 7. e3 O-O 8.
Be2 cxd4 9. exd4 Nc6 10. O-O Bxc3 11. Bxf6 Qxf6 12. Qxc3 Rac8 13. Qd2 Ne7
14. Rac1 Ng6 15. Rc3 Nf4 16. Rfc1 Nxe2+ 17. Qxe2 Bxf3 18. Qxf3 Qxd4 19. Rd1
Qe5 20. g3 Rc7 21. b3 b5 22. Rcd3 bxc4 23. bxc4 Rxc4 24. Rxd7 Rc7 25. Rxc7
Qxc7 26. Rb1 Qc2 27. Qb3 Qe4 28. Qb4 Qd5 29. Qa4 Qa8 30. Qd7 Qe4 31. Rb7 a6
32. a4 h5 33. h4 g6 34. Rc7 Kg7 35. Ra7 Qf3 36. Rxa6 Rb8 37. Rb6 Rxb6 38.
Qd4+ e5 39. Qxb6 Qd1+ 40. Kh2 Qxa4 41. Qc7 Qd4 42. Kg1 Qd1+ 43. Kg2 Qd5+
44. Kg1 Qe4 45. Qe7 Qf5 46. Kg2 e4 47. Kg1 Qd5 48. Kh2 Qe6 49. Qc5 Qf5 50.
Qd4+ Qf6 51. Qc5 Qf5 1/2-1/2

[Event "EuTCh"]
[Site "Leon ESP"]
[Date "2001.11.14"]
[Round "8"]
[White "Gallagher,Jo"]
[Black "Markos,J"]
[Result "1-0"]
[WhiteElo "2511"]
[BlackElo "2435"]
[EventDate "2001.11.06"]

1. e4 e6 2. d4 d5 3. Nc3 Nf6 4. Bg5 dxe4 5. Nxe4 Nbd7 6. Nxf6+ Nxf6 7. Nf3
h6 8. Be3 Nd5 9. Qd2 a6 10. Bd3 Bd6 11. O-O Qe7 12. c4 Nxe3 13. fxe3 c5 14.
b4 b6 15. Be4 Rb8 16. Bc6+ Bd7 17. dxc5 bxc5 18. Bxd7+ Qxd7 19. Rad1 Rd8
20. Qc3 Qe7 21. Qxg7 Qf8 22. Qf6 Rg8 23. Ne5 Qg7 24. Qf3 f6 25. Qc6+ Ke7
26. bxc5 Qxg2+ 27. Qxg2 Rxg2+ 28. Kxg2 Rg8+ 29. Ng4 1-0

[Event "EuTCh"]
[Site "Leon ESP"]
[Date "2001.11.14"]
[Round "8"]
[White "Likavsky,T"]
[Black "Ekstroem,R"]
[Result "1/2-1/2"]
[WhiteElo "2403"]
[BlackElo "2495"]
[EventDate "2001.11.06"]

1. d4 Nf6 2. c4 c5 3. d5 b5 4. cxb5 a6 5. bxa6 Bxa6 6. Nc3 g6 7. e4 Bxf1 8.
Kxf1 d6 9. Nf3 Bg7 10. h3 O-O 11. Kg1 Nbd7 12. Kh2 Qa5 13. Re1 Rfb8 14. Re2
Ne8 15. Rc2 Ne5 16. Nxe5 Bxe5+ 17. f4 Bg7 18. Bd2 Nc7 19. Qf3 Nb5 20. Nxb5
Qxb5 21. Bc3 Bxc3 22. bxc3 Qc4 23. e5 Rd8 24. Re1 Rxa2 25. Rxa2 Qxa2 26.
exd6 Rxd6 27. Rxe7 Qxd5 28. Qxd5 Rxd5 29. Re5 Rxe5 30. fxe5 f6 31. exf6 Kf7
32. Kg3 Kxf6 33. Kf4 Ke6 34. Ke4 Kd6 35. g3 Ke6 36. h4 h5 37. Kf4 Kf6 38.
Ke4 Ke6 39. Kf4 Kf6 40. g4 hxg4 41. Kxg4 Ke6 42. Kg5 Kf7 43. Kg4 1/2-1/2

[Event "EuTCh"]
[Site "Leon ESP"]
[Date "2001.11.14"]
[Round "8"]
[White "Delchev,A"]
[Black "Ivanchuk,V"]
[Result "1/2-1/2"]
[WhiteElo "2634"]
[BlackElo "2731"]
[EventDate "2001.11.06"]

1. Nf3 Nf6 2. c4 g6 3. Nc3 Bg7 4. e4 O-O 5. d4 d6 6. Be2 e5 7. O-O Nc6 8.
d5 Ne7 9. b4 Nh5 10. Re1 f5 11. Ng5 Nf6 12. Bf3 c6 13. Be3 Kh8 14. b5 cxd5
15. cxd5 fxe4 16. Ngxe4 Nf5 17. Nxf6 Bxf6 18. Ne4 Nxe3 19. Rxe3 Bf5 20. Rc1
Bg5 21. Nxg5 Qxg5 22. Rec3 Rac8 23. Rxc8 Rxc8 24. Rxc8+ Bxc8 25. Qc2 Qd8
26. h4 Bf5 27. Be4 Bxe4 1/2-1/2

[Event "EuTCh"]
[Site "Leon ESP"]
[Date "2001.11.14"]
[Round "8"]
[White "Kolev,At"]
[Black "Romanishin,O"]
[Result "1/2-1/2"]
[WhiteElo "2571"]
[BlackElo "2575"]
[EventDate "2001.11.06"]

1. Nf3 Nf6 2. c4 d6 3. d4 g6 4. Nc3 Bf5 5. Nh4 Bg4 6. h3 Bd7 7. Nf3 Bf5 8.
Qb3 Qc8 9. g4 Bd7 10. e4 h5 11. g5 Nh7 12. Be3 Bg7 13. Rd1 O-O 14. c5 dxc5
15. dxc5 Nc6 16. Nh4 e6 17. f4 Re8 18. e5 Ne7 19. Rh2 Bc6 20. Bc4 Nf8 21.
a4 a6 22. a5 Rd8 23. Rxd8 Qxd8 24. Rd2 Qe8 1/2-1/2

[Event "EuTCh"]
[Site "Leon ESP"]
[Date "2001.11.14"]
[Round "8"]
[White "Volokitin,A"]
[Black "Cheparinov,I"]
[Result "1-0"]
[WhiteElo "2566"]
[BlackElo "2461"]
[EventDate "2001.11.06"]

1. e4 c5 2. Nf3 d6 3. d4 cxd4 4. Nxd4 Nf6 5. Nc3 a6 6. Be2 e6 7. O-O Be7 8.
f4 Qc7 9. a4 Nc6 10. Be3 O-O 11. Kh1 Re8 12. a5 Bf8 13. Nb3 Ne7 14. Bd3 Ng6
15. Qf3 Bd7 16. Bd4 Be7 17. e5 Bc6 18. Qe2 Nd5 19. Nxd5 Bxd5 20. c4 Bc6 21.
Bb6 Qb8 22. Nd4 Bd7 23. Qh5 Bd8 24. Bxd8 Rxd8 25. Nf3 Be8 26. Ng5 h6 27.
Nxf7 Nf8 28. Nxh6+ gxh6 29. Qxh6 Rd7 30. Rf3 Rg7 31. f5 exf5 32. Rxf5 Qd8
33. Rxf8+ Kxf8 34. Rf1+ Bf7 35. e6 Kg8 36. exf7+ Rxf7 37. Qg6+ Rg7 38. Qe6+
Kh8 39. Qh6+ Kg8 40. Be4 1-0

[Event "EuTCh"]
[Site "Leon ESP"]
[Date "2001.11.14"]
[Round "8"]
[White "Ibrahimov,R"]
[Black "Zaja,I"]
[Result "1/2-1/2"]
[WhiteElo "2404"]
[BlackElo "2476"]
[EventDate "2001.11.06"]

1. c4 e6 2. Nf3 d5 3. g3 g6 4. Bg2 Bg7 5. O-O Ne7 6. d4 Nbc6 7. cxd5 exd5
8. Nc3 O-O 9. Bf4 Be6 10. Qd2 Nf5 11. e3 h6 12. h4 f6 13. g4 Nd6 14. g5
fxg5 15. hxg5 Ne4 16. Nxe4 dxe4 17. Nh2 hxg5 18. Bg3 Bd5 19. Rac1 Qd7 20.
b4 a6 21. a3 Rac8 22. Rc5 b6 23. Rc2 Ne7 24. Qe2 Nf5 25. Qg4 Qe7 26. Rfc1
c6 27. Nf1 Nh6 28. Qe2 b5 29. Bh3 Nf5 30. Rc5 Rcd8 31. Qg4 Rf7 32. Rxc6
Bxc6 33. Rxc6 Rf6 34. Rc5 Nh6 35. Qxg5 Nf7 36. Qh4 Nd6 37. Be5 Rf7 38. Bg3
Qxh4 39. Bxh4 Bf6 40. Bg3 Kg7 41. Nd2 Re7 42. Bg2 Nf5 43. Nxe4 Nxg3 44.
Nxg3 Ra7 45. Ne4 Be7 46. Rc6 a5 47. Rb6 axb4 48. axb4 Rd5 49. Bf1 Bxb4 50.
Rxb5 Rxb5 51. Bxb5 Ra3 52. Kg2 Bc3 53. Be2 Kf8 54. Nxc3 Rxc3 55. Kf3 Ke7
56. Ke4 Rc2 57. Kd3 Ra2 58. f4 Kf6 1/2-1/2

[Event "EuTCh"]
[Site "Leon ESP"]
[Date "2001.11.14"]
[Round "8"]
[White "Sturua,Z"]
[Black "Kempinski,R"]
[Result "0-1"]
[WhiteElo "2571"]
[BlackElo "2586"]
[EventDate "2001.11.06"]

1. c4 Nf6 2. Nc3 g6 3. e4 d6 4. d4 Bg7 5. Be2 O-O 6. Bg5 Na6 7. f4 c6 8.
Nf3 Nc7 9. d5 cxd5 10. cxd5 Na6 11. Nd2 Ne8 12. Rb1 f5 13. O-O Nc5 14. exf5
Bxf5 15. Rc1 Nd3 16. Bxd3 Bxd3 17. Rf3 Bf5 18. Qb3 Rb8 19. h3 b5 20. Re1
Rf7 21. Kh1 b4 22. Nce4 a5 23. Rfe3 h6 24. Bh4 Bd7 25. Ng3 Nf6 26. Qd3 Kh7
27. Nde4 Bb5 28. Qd1 Nxe4 29. Rxe4 Rb7 30. Re6 Bxb2 31. f5 gxf5 32. Qb1 Be5
33. Nxf5 Kh8 34. Rxh6+ Kg8 35. Rg6+ Kh8 36. Rh6+ Kg8 37. Qd1 Rxf5 38. Qg4+
Bg7 39. Rg6 Rf7 40. Re3 Qf8 41. Rg3 Be8 42. Qe6 Kh7 43. R6g5 Rf1+ 44. Kh2
Be5 45. Rxe5 dxe5 46. Qxe5 Bg6 47. Qe6 Qf7 48. Qc6 Rb8 49. Bxe7 Rg8 50. Bg5
Re8 51. Be3 0-1

[Event "EuTCh"]
[Site "Leon ESP"]
[Date "2001.11.14"]
[Round "8"]
[White "Socko,B"]
[Black "Kacheishvili,G"]
[Result "1-0"]
[WhiteElo "2564"]
[BlackElo "2583"]
[EventDate "2001.11.06"]

1. e4 c5 2. Nf3 d6 3. d4 cxd4 4. Nxd4 Nf6 5. Nc3 Nc6 6. Bg5 e6 7. Qd2 Be7
8. O-O-O Nxd4 9. Qxd4 O-O 10. f3 a6 11. h4 b5 12. Kb1 Qc7 13. h5 h6 14.
Bxf6 gxf6 15. Qd2 Kg7 16. Bd3 Bb7 17. Rh3 Rh8 18. f4 Rad8 19. f5 b4 20.
Rg3+ Kf8 21. Ne2 e5 22. Rg4 d5 23. exd5 Bxd5 24. Qc1 e4 25. Bxe4 Bxa2+ 26.
Kxa2 Qc4+ 27. b3 Qxe2 28. Rxd8+ Bxd8 29. Bf3 Qb5 30. Qf4 a5 31. Qd6+ Be7
32. Qc7 Qe8 33. Rd4 Kg7 34. Bc6 Qf8 35. Rd7 Bd8 36. Qg3+ 1-0